000 00653cam a2200217 i 4500
999 _c7611
_d7611
003 OSt
005 20200317103158.0
008 200317b ||||| |||| 00| 0 eng d
020 _a9781138119758 (pbk : alk. paper)
040 _aDLC
_beng
_cDLC
_erda
082 0 0 _a690
_223
_bMIL
100 1 _aMillais, Malcolm,
_eauthor.
245 1 0 _aBuilding structures :
_bunderstanding the basics /
_cMalcolm Millais.
250 _aThird edition.
300 _ax, 568 pages
_c26 cm
504 _aIncludes bibliographical references and index.
650 0 _aBuildings.
650 0 _aStructural design.
650 0 _aStructural analysis (Engineering)
942 _2ddc